| 000 | 00529nam a2200217 a 4500 | ||
|---|---|---|---|
| 999 |
_c4795 _d4795 |
||
| 001 | 4795 | ||
| 003 | BD-JhCC | ||
| 005 | 20171203174556.0 | ||
| 008 | 171203s1965 u |||| ||a| 000 0 eng d | ||
| 035 | _a(BD-JhCC) 4795 | ||
| 040 |
_aBD-JhCC _dBD-JhCC |
||
| 041 | _aeng | ||
| 082 |
_a577 _bFRE 1965 |
||
| 100 | _aFreeman, W.H | ||
| 245 |
_aThe Strategy of Life / _c W.H Freeman |
||
| 260 |
_aAMERICA : _bSAN FRANCISCO , _c1965 |
||
| 300 |
_a117 P .: _c21 cm . |
||
| 650 | _aLife (Biology) | ||
| 942 |
_2ddc _cBK |
||